| 000 | 00737nam a2200193 a 4500 | ||
|---|---|---|---|
| 005 | 20240703063734.0 | ||
| 008 | 991125s1979 mx 000 0 spa u | ||
| 035 | _aUPN01000001700 | ||
| 049 | _aF | ||
| 050 | 4 |
_aLE7.2913 U265 _bD412 no.120 |
|
| 100 | 1 |
_aMarsiske Schulte, Renate Margarete Johanna _929141 |
|
| 245 | 1 | 0 |
_aAlgunos antecedentes latinoamericanos del movimiento de autonomía universitaria en México, 1929 / _cRenate Marsiske. |
| 260 |
_aMéxico : _bUNAM, Centro de Estudios sobre la Universidad, _c1979. |
||
| 300 | _a34 p. | ||
| 440 | 0 |
_aDeslinde. _pCuadernos de cultura política universitaria ; _v120 |
|
| 610 | 2 | 4 | _aUNIVERSIDAD NACIONAL AUTONOMA DE MEXICO |
| 650 | 4 |
_aAutonomía en la educación _93083 |
|
| 905 | _aLibro | ||
| 999 |
_c1700 _d1700 |
||